000 00847cam a22002174a 4500
005 20250605164309.0
008 250528s ||||||||||||||||||||||||d
035 _a22401
020 _a9789608480605
040 _aGR-AtMCL
_bgre
_dGR-AtMCL
_eAACR2
245 1 _aΗ ΚΑΤΑΝΑΛΩΤΙΚΗ ΚΟΙΝΩΝΙΑ
250 _a1
260 _bΝησιδες,
_c2000
300 _a246
505 0 _aΗ ΤΥΠΙΚΗ ΛΕΙΤΟΥΡΓΙΑ ΤΟΥ ΑΝΤΙΚΕΙΜΕΝΟΥ ΘΕΩΡΙΑ ΤΗΣ ΚΑΤΑΝΑΛΩΣΗΣ MASS MEDIA, ΣΕΞ ΚΑΙ ΕΛΕΥΘΕΡΟΣ ΧΡΟΝΟΣ
520 _aΗ ΤΥΠΙΚΗ ΛΕΙΤΟΥΡΓΙΑ ΤΟΥ ΑΝΤΙΚΕΙΜΕΝΟΥ ΘΕΩΡΙΑ ΤΗΣ ΚΑΤΑΝΑΛΩΣΗΣ MASS MEDIA, ΣΕΞ ΚΑΙ ΕΛΕΥΘΕΡΟΣ ΧΡΟΝΟΣ
700 1 _aBaudrillard Jean
_92489
942 _cBK
999 _c7454
_d7454